[Event "Manitoba-ch U16"]
[Site "Winnipeg CAN"]
[Date "1996.10.20"]
[Round "4"]
[White "Henson, Joshua"]
[Black "Walker, Erin"]
[Result "1/2-1/2"]
[WhiteElo "1884"]
[BlackElo "1673"]
[PlyCount "110"]
[EventDate "1996.10.19"]
[EventType "swiss"]
[EventRounds "4"]
[EventCountry "CAN"]
[Source "ChessBase"]
[SourceDate "2000.11.22"]

1. e4 e5 2. Nf3 Nc6 3. Bb5 a6 4. Bxc6 dxc6 5. O-O Bd6 6. d4 Qe7 7. dxe5 Bxe5 8.
Nxe5 Qxe5 9. Nc3 Nf6 10. f4 Qc5+ 11. Kh1 O-O 12. Qf3 Re8 13. Re1 Bd7 14. Qe3
Qxe3 15. Rxe3 Rad8 16. b3 Bc8 17. Kg1 Rd4 18. e5 Nd5 19. Nxd5 Rxd5 20. Kf2 Red8
21. h3 Rd4 22. Re2 h5 23. Be3 R4d5 24. c4 Rd3 25. Rb1 Bf5 26. Rbb2 Be6 27. Rbd2
Rxd2 28. Rxd2 Rxd2+ 29. Bxd2 Bf5 30. c5 Kf8 31. Ba5 Bb1 32. a3 Ba2 33. b4 Ke8
34. Bxc7 Kd7 35. Bd6 Ke6 36. g4 hxg4 37. hxg4 g6 38. Kg3 Bb1 39. Kh4 Bd3 40.
Kg5 Be4 41. Kh6 Bf3 42. Kg5 Be4 43. Kh6 Bf3 44. f5+ gxf5 45. gxf5+ Kxf5 46. Kg7
Bd5 47. Kf8 Ke4 48. Ke7 Kd3 49. Kd7 Kc4 50. Kc8 Kb3 51. Bc7 Kxa3 52. Ba5 Ka4
53. Kc7 Kb5 54. Kxb7 Bc4 55. Kc7 Be6 1/2-1/2

[Event "Manitoba-ch U16"]
[Site "Winnipeg CAN"]
[Date "1996.10.20"]
[Round "4"]
[White "Lipnowski, Samuel"]
[Black "Huggan, Philip"]
[Result "1-0"]
[WhiteElo "1667"]
[BlackElo "1433"]
[PlyCount "113"]
[EventDate "1996.10.19"]
[EventType "swiss"]
[EventRounds "4"]
[EventCountry "CAN"]
[Source "ChessBase"]
[SourceDate "2000.11.22"]

1. d4 Nf6 2. c4 c5 3. d5 e6 4. Nc3 exd5 5. cxd5 d6 6. e4 g6 7. Nf3 Bg7 8. Bb5+
Bd7 9. Bxd7+ Nbxd7 10. O-O O-O 11. Bf4 Ne8 12. Qb3 Rb8 13. Nb5 Qb6 14. Nxd6
Qxb3 15. axb3 Ra8 16. Nxb7 Bxb2 17. Ra2 Bc3 18. Rc1 Bb4 19. Ne1 Bxe1 20. Rxe1
Nef6 21. f3 Rfe8 22. Rc1 Rec8 23. Bd6 Ne8 24. Bg3 Nef6 25. Rca1 c4 26. bxc4
Rxc4 27. Rxa7 Rxa7 28. Rxa7 Rc1+ 29. Kf2 Rc2+ 30. Ke3 Rxg2 31. Bd6 Kg7 32. Nd8
Rb2 33. Bf4 Rb3+ 34. Ke2 Rb2+ 35. Kd1 Rb4 36. Ne6+ fxe6 37. dxe6 Rd4+ 38. Ke2
Kf8 39. Bh6+ Ke7 40. exd7 Nxd7 41. Be3 Rc4 42. Kd3 Rc6 43. f4 Ke6 44. f5+ gxf5
45. exf5+ Ke7 46. f6+ Ke8 47. f7+ Kd8 48. Rxd7+ Kxd7 49. f8=Q Rd6+ 50. Ke2 h5
51. Qf7+ Kc6 52. Qxh5 Rd7 53. Qe8 Kc7 54. Bf4+ Kb7 55. Qxd7+ Ka8 56. Bg5 Kb8
57. h4 1-0

[Event "Manitoba-ch U16"]
[Site "Winnipeg CAN"]
[Date "1996.10.20"]
[Round "4"]
[White "Rothman, Benji"]
[Black "Gushuliak, Justin"]
[Result "0-1"]
[WhiteElo "1113"]
[BlackElo "812"]
[PlyCount "170"]
[EventDate "1996.10.19"]
[EventType "swiss"]
[EventRounds "4"]
[EventCountry "CAN"]
[Source "ChessBase"]
[SourceDate "2000.11.22"]

1. e4 e5 2. Nf3 Nc6 3. Bc4 Nf6 4. Nc3 h6 5. O-O Bc5 6. d3 d6 7. h3 Nd7 8. Be3
b6 9. Bxc5 bxc5 10. Nd5 Bb7 11. Nd2 Na5 12. Bb5 c6 13. Ba4 cxd5 14. Bxd7+ Qxd7
15. exd5 Bxd5 16. c4 Bb7 17. a3 d5 18. Nb3 Nxb3 19. Qxb3 Qc6 20. cxd5 Qxd5 21.
Qxd5 Bxd5 22. Rfe1 f6 23. f4 O-O 24. fxe5 fxe5 25. Rxe5 Rad8 26. Rd1 c4 27.
dxc4 Bxc4 28. Rc1 Bf7 29. b4 Bb3 30. Ree1 Rd7 31. Rb1 Bc2 32. Rbc1 Ba4 33. Ra1
Rfd8 34. Kh2 Bc6 35. Ra2 Rd2 36. Rxd2 Rxd2 37. Rg1 Ra2 38. Kg3 Rxa3+ 39. Kf2
Rb3 40. Rc1 Rb2+ 41. Ke1 Bxg2 42. Rc8+ Kh7 43. Re8 Rxb4 44. Re3 Re4 45. Rxe4
Bxe4 46. Ke2 g5 47. Ke3 Bf5 48. Kf2 Bxh3 49. Kg1 a5 50. Kh2 Be6 51. Kg3 a4 52.
Kf3 a3 53. Kg3 a2 54. Kf3 a1=Q 55. Kg3 Qe5+ 56. Kf3 g4+ 57. Kf2 g3+ 58. Kg2
Bd5+ 59. Kg1 g2 60. Kf2 g1=Q+ 61. Kxg1 Qe1+ 62. Kh2 Qh4+ 63. Kg1 Qh1+ 64. Kf2
Qg2+ 65. Ke1 Qg3+ 66. Ke2 Qg2+ 67. Kd3 Qe4+ 68. Kc3 Qc4+ 69. Kd2 h5 70. Ke3 h4
71. Kf2 h3 72. Kg3 Bg2 73. Kh2 Qf4+ 74. Kg1 Qf1+ 75. Kh2 Qh1+ 76. Kg3 h2 77.
Kf4 Qg1 78. Ke5 h1=Q 79. Kf4 Qh4+ 80. Ke5 Qc5+ 81. Ke6 Qh6+ 82. Kd7 Qg7+ 83.
Ke6 Qg6+ 84. Kd7 Qa7+ 85. Kc8 Qg8# 0-1

[Event "Manitoba-ch U16"]
[Site "Winnipeg CAN"]
[Date "1996.10.20"]
[Round "4"]
[White "Walker, Sean"]
[Black "Lipnowski, Michael"]
[Result "0-1"]
[WhiteElo "1326"]
[BlackElo "1277"]
[PlyCount "88"]
[EventDate "1996.10.19"]
[EventType "swiss"]
[EventRounds "4"]
[EventCountry "CAN"]
[Source "ChessBase"]
[SourceDate "2000.11.22"]

1. g3 d5 2. Bg2 Nc6 3. Nf3 Nf6 4. O-O e5 5. d3 Bc5 6. Bg5 h6 7. Bxf6 Qxf6 8.
Nc3 Be6 9. e4 d4 10. Ne2 Bg4 11. Nd2 Qe7 12. Qe1 O-O-O 13. f3 Be6 14. a3 Qd7
15. b4 Bb6 16. f4 f6 17. f5 Bf7 18. Qf2 Rh7 19. Rfb1 Rdh8 20. a4 a5 21. b5 Nd8
22. Nf3 h5 23. h4 Rg8 24. c3 dxc3 25. Nxc3 Bxf2+ 26. Kxf2 Qxd3 27. Ne2 Qd7 28.
Rc1 g6 29. fxg6 Rxg6 30. Rc2 Be6 31. Rd2 Qf7 32. Rad1 Rg8 33. Rc1 f5 34. exf5
Qxf5 35. Rdc2 e4 36. Ned4 Qf6 37. b6 c6 38. Nb5 exf3 39. Bxf3 Bg4 40. Rc3 Rf7
41. Na7+ Kb8 42. Kg1 Bxf3 43. Nb5 Rxg3+ 44. Kh2 Qxh4# 0-1

[Event "Manitoba-ch U20"]
[Site "Winnipeg CAN"]
[Date "1996.10.05"]
[Round "1"]
[White "Henson, Joshua"]
[Black "Walker, Sean"]
[Result "1-0"]
[WhiteElo "1884"]
[BlackElo "1366"]
[PlyCount "59"]
[EventDate "1996.10.05"]
[EventType "swiss"]
[EventRounds "4"]
[EventCountry "CAN"]
[Source "ChessBase"]
[SourceDate "2000.11.22"]

1. e4 e5 2. Nf3 Nc6 3. Bb5 d6 4. d4 Bd7 5. dxe5 Nxe5 6. Nxe5 Bxb5 7. Qd5 dxe5
8. Qxb5+ c6 9. Qxb7 Ne7 10. O-O g6 11. Nc3 Bg7 12. Rd1 Qc8 13. Qxc8+ Rxc8 14.
Be3 O-O 15. Bxa7 f5 16. Rd7 Rfe8 17. Bc5 Bf6 18. a4 Rcd8 19. Rad1 Rxd7 20. Rxd7
fxe4 21. Nxe4 Kf7 22. Nd6+ Kf8 23. Nxe8 Kxe8 24. Bxe7 Bxe7 25. Rc7 c5 26. a5
Kd8 27. Rxe7 Kc8 28. a6 Kb8 29. Rxh7 Ka8 30. Kf1 1-0

[Event "Manitoba-ch U20"]
[Site "Winnipeg CAN"]
[Date "1996.10.05"]
[Round "2"]
[White "Gushuliak, Justin"]
[Black "Lipnowski, Michael"]
[Result "0-1"]
[WhiteElo "804"]
[BlackElo "1256"]
[PlyCount "62"]
[EventDate "1996.10.05"]
[EventType "swiss"]
[EventRounds "4"]
[EventCountry "CAN"]
[Source "ChessBase"]
[SourceDate "2000.11.22"]

1. e4 c5 2. d4 cxd4 3. Qxd4 Nc6 4. Qd1 Nf6 5. Bb5 Qa5+ 6. Bd2 Qxb5 7. Qe2 Qxe2+
8. Kxe2 Nd4+ 9. Ke3 Nxc2+ 10. Ke2 Nxa1 11. e5 Ng4 12. Nh3 Nxe5 13. Ke3 Nc4+ 14.
Kd3 Nxd2 15. Nxd2 Nc2 16. Kxc2 b6 17. Nc4 Bb7 18. Nf4 Rc8 19. Re1 Rxc4+ 20. Kb3
Rxf4 21. Rf1 Bxg2 22. Rc1 d6 23. Rc7 a6 24. Rc6 Bxc6 25. h3 h5 26. a4 Rh6 27.
Kc3 Rg6 28. Kb3 Rxf2 29. Kb4 Rg3 30. b3 Bd5 31. Ka3 Rxb3# 0-1

[Event "Manitoba-ch U20"]
[Site "Winnipeg CAN"]
[Date "1996.10.05"]
[Round "2"]
[White "Lipnowski, Samuel"]
[Black "Henson, Joshua"]
[Result "1/2-1/2"]
[WhiteElo "1635"]
[BlackElo "1884"]
[PlyCount "41"]
[EventDate "1996.10.05"]
[EventType "swiss"]
[EventRounds "4"]
[EventCountry "CAN"]
[Source "ChessBase"]
[SourceDate "2000.11.22"]

1. c4 e5 2. g3 Nf6 3. Bg2 c6 4. d4 exd4 5. Qxd4 d5 6. cxd5 cxd5 7. Nf3 Be7 8.
O-O Nc6 9. Qd1 O-O 10. b3 Be6 11. Bb2 h6 12. Nc3 Qd7 13. Nb5 Rfd8 14. Nbd4 Nxd4
15. Nxd4 Bh3 16. Rc1 Bxg2 17. Kxg2 Rac8 18. Qd3 Ne4 19. Rfd1 Bf6 20. e3 b6 21.
Qe2 1/2-1/2

[Event "Manitoba-ch U20"]
[Site "Winnipeg CAN"]
[Date "1996.10.05"]
[Round "2"]
[White "Walker, Erin"]
[Black "Aguilar, Alfredo"]
[Result "1-0"]
[WhiteElo "1686"]
[BlackElo "1559"]
[PlyCount "71"]
[EventDate "1996.10.05"]
[EventType "swiss"]
[EventRounds "4"]
[EventCountry "CAN"]
[Source "ChessBase"]
[SourceDate "2000.11.22"]

1. e4 e5 2. Nf3 Nc6 3. Bc4 Nf6 4. d3 Be7 5. Nc3 O-O 6. O-O d6 7. h3 Be6 8. Bb3
d5 9. Re1 h6 10. exd5 Nxd5 11. Nxd5 Bxd5 12. Nxe5 Bxb3 13. axb3 Nxe5 14. Rxe5
Bf6 15. Re1 Re8 16. Ra4 Rxe1+ 17. Qxe1 a6 18. Re4 Kh8 19. Qe2 c6 20. Qh5 Qd5
21. Qxd5 cxd5 22. Re2 Rc8 23. c3 Kg8 24. Bf4 Kf8 25. d4 Re8 26. Kf1 Rxe2 27.
Kxe2 Ke7 28. Kd3 Kd7 29. Be5 Bxe5 30. dxe5 Ke6 31. Kd4 b6 32. f4 g6 33. g4 f6
34. exf6 Kxf6 35. Kxd5 h5 36. Kc6 1-0

[Event "Manitoba-ch U20"]
[Site "Winnipeg CAN"]
[Date "1996.10.06"]
[Round "3"]
[White "Aguilar, Alfredo"]
[Black "Lipnowski, Samuel"]
[Result "0-1"]
[WhiteElo "1559"]
[BlackElo "1635"]
[PlyCount "114"]
[EventDate "1996.10.05"]
[EventType "swiss"]
[EventRounds "4"]
[EventCountry "CAN"]
[Source "ChessBase"]
[SourceDate "2000.11.22"]

1. e4 c5 2. Nf3 e6 3. d4 cxd4 4. Nxd4 a6 5. Nf3 Qc7 6. Be2 b5 7. a3 Bb7 8. Nc3
d6 9. O-O Nf6 10. Re1 Nxe4 11. Bxb5+ axb5 12. Nxe4 Bxe4 13. Rxe4 Be7 14. Qd3
Nd7 15. Rg4 Bf6 16. Rg3 Rc8 17. c3 O-O 18. Rh3 g6 19. Bg5 Bg7 20. Bh6 Nf6 21.
Bxg7 Kxg7 22. Qe3 Rh8 23. Qh6+ Kg8 24. Qg5 Ne4 25. Qf4 d5 26. Qxc7 Rxc7 27. Rd1
f6 28. Rh4 g5 29. Rh6 Kg7 30. Rh3 g4 31. Rh4 gxf3 32. gxf3 Nd6 33. Kh1 Nc4 34.
b3 Nxa3 35. Rg1+ Kf8 36. Rhg4 Ke7 37. Rg7+ Kd6 38. Rxc7 Kxc7 39. Ra1 Ra8 40.
Kg1 Kc6 41. Kf1 Kc5 42. Ke2 b4 43. Kd3 bxc3 44. Kxc3 Nb5+ 45. Kb2 Rxa1 46. Kxa1
Kb4 47. Kb2 Nd4 48. f4 Nxb3 49. Kc2 Kc4 50. h4 Nd4+ 51. Kd2 Nf3+ 52. Ke2 Nxh4
53. Ke3 Kc3 54. Ke2 d4 55. Kd1 Kd3 56. f5 exf5 57. f3 Nxf3 0-1

[Event "Manitoba-ch U20"]
[Site "Winnipeg CAN"]
[Date "1996.10.06"]
[Round "3"]
[White "Henson, Joshua"]
[Black "Bloomfield, Evan"]
[Result "1-0"]
[WhiteElo "1884"]
[BlackElo "1265"]
[PlyCount "117"]
[EventDate "1996.10.05"]
[EventType "swiss"]
[EventRounds "4"]
[EventCountry "CAN"]
[Source "ChessBase"]
[SourceDate "2000.11.22"]

1. e4 e5 2. Nf3 Nc6 3. Bb5 Nf6 4. O-O d6 5. d4 exd4 6. Nxd4 Bd7 7. Bxc6 Bxc6 8.
Nxc6 bxc6 9. Nc3 Be7 10. Qf3 Qd7 11. Bg5 O-O 12. Rfe1 Qe6 13. Bf4 Qg4 14. Qxg4
Nxg4 15. h3 Ne5 16. Bxe5 dxe5 17. Red1 Rfd8 18. Kf1 Kf8 19. Ke2 Bc5 20. Rxd8+
Rxd8 21. Rd1 Rxd1 22. Nxd1 Ke7 23. Kd3 Kd6 24. Ne3 Bd4 25. Nf5+ Kc5 26. Nxd4
exd4 27. a3 a5 28. f3 f6 29. h4 g6 30. g3 h6 31. g4 h5 32. b3 hxg4 33. fxg4 Kd6
34. Kxd4 c5+ 35. Ke3 Ke5 36. h5 gxh5 37. gxh5 f5 38. exf5 Kxf5 39. Kd3 Kg5 40.
Kc4 Kxh5 41. Kxc5 Kg5 42. Kb5 Kf5 43. Kxa5 Ke5 44. Kb5 Kd6 45. c4 c5 46. Kb6
Kd7 47. Kxc5 Kc7 48. b4 Kd7 49. b5 Kc7 50. b6+ Kd7 51. Kd5 Ke7 52. b7 Kf6 53.
b8=Q Kg5 54. Qf8 Kg4 55. Ke4 Kg5 56. Qf5+ Kh4 57. Qg6 Kh3 58. Kf3 Kh4 59. Qg4#
1-0

[Event "Manitoba-ch U20"]
[Site "Winnipeg CAN"]
[Date "1996.10.06"]
[Round "3"]
[White "Walker, Adam"]
[Black "Walker, Erin"]
[Result "1-0"]
[WhiteElo "1433"]
[BlackElo "1686"]
[PlyCount "91"]
[EventDate "1996.10.05"]
[EventType "swiss"]
[EventRounds "4"]
[EventCountry "CAN"]
[Source "ChessBase"]
[SourceDate "2000.11.22"]

1. e4 e5 2. Nf3 Nc6 3. Bb5 a6 4. Bxc6 dxc6 5. O-O Bd6 6. d4 Qe7 7. Be3 Nf6 8.
Nc3 O-O 9. dxe5 Bxe5 10. Nxe5 Qxe5 11. Qd4 Re8 12. Rad1 Qxd4 13. Rxd4 Be6 14.
f4 c5 15. Rd2 Bc4 16. Rfd1 h6 17. e5 b6 18. Bxc5 Ng4 19. Bf2 Nxf2 20. Kxf2 Be6
21. Ne2 Kh7 22. Nd4 Bg4 23. Nf3 Be6 24. h3 c5 25. a3 Rab8 26. b4 Rec8 27. bxc5
Rxc5 28. Nd4 Bc4 29. Nb3 Bxb3 30. cxb3 Rc3 31. Rd3 Rbc8 32. Ke2 Kg6 33. Rxc3
Rxc3 34. Rd3 Rxd3 35. Kxd3 Kf5 36. Ke3 h5 37. g3 g6 38. Kf3 b5 39. b4 Ke6 40.
Ke4 Ke7 41. f5 g5 42. Kd5 Kd7 43. f6 h4 44. g4 Kd8 45. Kd6 Ke8 46. e6 1-0

[Event "Manitoba-ch U20"]
[Site "Winnipeg CAN"]
[Date "1996.10.06"]
[Round "3"]
[White "Zheng, Jimmy"]
[Black "Gushuliak, Justin"]
[Result "1-0"]
[WhiteElo "1148"]
[BlackElo "804"]
[PlyCount "44"]
[EventDate "1996.10.05"]
[EventType "swiss"]
[EventRounds "4"]
[EventCountry "CAN"]
[Source "ChessBase"]
[SourceDate "2000.11.22"]

1. e4 e5 2. Nf3 Nf6 3. Nc3 Nc6 4. d4 d5 5. Nxd5 Nxe4 6. dxe5 Ne7 7. Nxe7 Bxe7
8. Bc4 h6 9. O-O O-O 10. Bd3 Nc5 11. Be3 Nxd3 12. Qxd3 Be6 13. Nd4 Qe8 14. Nxe6
fxe6 15. Rad1 Rf5 16. f4 Qa4 17. b3 Qxa2 18. Ra1 Qb2 19. Rfb1 Rd8 20. Qxd8+
Bxd8 21. Rxb2 g5 22. fxg5 hxg5 1-0

[Event "Manitoba-ch U20"]
[Site "Winnipeg CAN"]
[Date "1996.10.06"]
[Round "4"]
[White "Aguilar, Alfredo"]
[Black "Lipnowski, Michael"]
[Result "1-0"]
[WhiteElo "1559"]
[BlackElo "1256"]
[PlyCount "105"]
[EventDate "1996.10.05"]
[EventType "swiss"]
[EventRounds "4"]
[EventCountry "CAN"]
[Source "ChessBase"]
[SourceDate "2000.11.22"]

1. e4 c5 2. Nf3 e6 3. d4 cxd4 4. Nxd4 Nf6 5. Nc3 Nc6 6. Nf3 Bb4 7. Bg5 O-O 8.
e5 Nxe5 9. Nxe5 Qa5 10. Qd4 Bc5 11. Qf4 d5 12. a3 Ne4 13. Bh4 Nxc3 14. b4 Bxb4
15. Qxb4 Qxb4 16. axb4 f6 17. Nf3 e5 18. Bg3 d4 19. Bc4+ Kh8 20. O-O Re8 21.
Rfe1 Bf5 22. Rac1 Rac8 23. Bb3 Rcd8 24. Nd2 e4 25. Nb1 Nxb1 26. Rxb1 d3 27.
cxd3 exd3 28. Rxe8+ Rxe8 29. Rd1 d2 30. h3 Rd8 31. Bf4 g6 32. Rxd2 Re8 33. Bh6
Rg8 34. Bxg8 Kxg8 35. Rd8+ Kf7 36. Be3 a6 37. g4 Be4 38. Rd7+ Ke6 39. Rxh7 g5
40. Rh6 Kf7 41. Bd4 Bg6 42. h4 Kg7 43. hxg5 Kf7 44. gxf6 b5 45. Rh8 Be4 46. Rc8
Bb7 47. Rc7+ Ke8 48. Rxb7 Kf8 49. f7 a5 50. Bc5+ Kg7 51. f8=Q+ Kg6 52. Rg7+ Kh6
53. Qh8# 1-0

[Event "Manitoba-ch U20"]
[Site "Winnipeg CAN"]
[Date "1996.10.06"]
[Round "4"]
[White "Bloomfield, Evan"]
[Black "Gushuliak, Justin"]
[Result "1-0"]
[WhiteElo "1265"]
[BlackElo "804"]
[PlyCount "41"]
[EventDate "1996.10.05"]
[EventType "swiss"]
[EventRounds "4"]
[EventCountry "CAN"]
[Source "ChessBase"]
[SourceDate "2000.11.22"]

1. e4 e5 2. Nf3 Nc6 3. Nc3 Bc5 4. d3 h6 5. Be2 a6 6. O-O Nge7 7. Nxe5 Bd4 8.
Nxc6 Bxc3 9. Nxd8 Kxd8 10. bxc3 f5 11. exf5 Nxf5 12. Bg4 d5 13. Bxf5 Bxf5 14.
Qf3 Be6 15. Re1 Kd7 16. Bf4 Rhf8 17. Qg3 c6 18. Bc7 Rg8 19. Qd6+ Kc8 20. Rxe6
a5 21. Bb6 1-0

[Event "Manitoba-ch U20"]
[Site "Winnipeg CAN"]
[Date "1996.10.06"]
[Round "4"]
[White "Henson, Joshua"]
[Black "Walker, Adam"]
[Result "1-0"]
[WhiteElo "1884"]
[BlackElo "1433"]
[PlyCount "63"]
[EventDate "1996.10.05"]
[EventType "swiss"]
[EventRounds "4"]
[EventCountry "CAN"]
[Source "ChessBase"]
[SourceDate "2000.11.22"]

1. e4 d6 2. d4 Nf6 3. Nc3 g6 4. Nf3 Bg7 5. Be2 O-O 6. O-O Nbd7 7. Be3 c6 8. h3
Qc7 9. Qd2 e5 10. dxe5 dxe5 11. Rfd1 Re8 12. Qd6 Qxd6 13. Rxd6 Bf8 14. Rd2 Bb4
15. Bd3 Nc5 16. Bxc5 Bxc5 17. a3 Be6 18. Na4 Bf8 19. Nc3 Rad8 20. Nxe5 Bxh3 21.
Nxf7 Kxf7 22. gxh3 Nxe4 23. Bc4+ Kg7 24. Rxd8 Rxd8 25. Nxe4 Rd4 26. Bd3 b6 27.
Ng5 Rd6 28. Re1 Kf6 29. Ne4+ Ke7 30. Nxd6+ Kxd6 31. Kg2 Bg7 32. b3 1-0

[Event "Manitoba-ch U20"]
[Site "Winnipeg CAN"]
[Date "1996.10.06"]
[Round "4"]
[White "Walker, Erin"]
[Black "Lipnowski, Samuel"]
[Result "1/2-1/2"]
[WhiteElo "1686"]
[BlackElo "1635"]
[PlyCount "83"]
[EventDate "1996.10.05"]
[EventType "swiss"]
[EventRounds "4"]
[EventCountry "CAN"]
[Source "ChessBase"]
[SourceDate "2000.11.22"]

1. e4 e6 2. d4 d5 3. exd5 exd5 4. Nf3 Bg4 5. Bd3 Bd6 6. O-O Ne7 7. c3 O-O 8.
Bg5 c6 9. Nbd2 Nd7 10. Re1 Re8 11. Qc2 h6 12. Bxe7 Bxe7 13. h3 Bxf3 14. Nxf3
Nf6 15. Re2 Nh5 16. Rae1 Nf4 17. Re5 Nxd3 18. Qxd3 Qd7 19. R5e2 Bd6 20. Ne5 Qc7
21. Kf1 Re7 22. Nf3 Rae8 23. Rxe7 Rxe7 24. Rxe7 Qxe7 25. Qe2 Kf8 26. Qxe7+ Kxe7
27. Ke2 Bf4 28. Nd2 b6 29. g3 Bd6 30. Nf3 Ke6 31. Ke3 c5 32. Kd3 f5 33. Ke3 a6
34. Kd3 Kf6 35. Ke3 g5 36. Kd3 g4 37. hxg4 fxg4 38. Nh4 Ke6 39. Ng6 cxd4 40.
cxd4 Kf6 41. Nh4 Kg5 42. Ke3 1/2-1/2

[Event "Manitoba-ch U20"]
[Site "Winnipeg CAN"]
[Date "1996.10.06"]
[Round "4"]
[White "Walker, Sean"]
[Black "Zheng, Jimmy"]
[Result "1/2-1/2"]
[WhiteElo "1366"]
[BlackElo "1148"]
[PlyCount "97"]
[EventDate "1996.10.05"]
[EventType "swiss"]
[EventRounds "4"]
[EventCountry "CAN"]
[Source "ChessBase"]
[SourceDate "2000.11.22"]

1. e4 e5 2. Nf3 Nc6 3. Bc4 h6 4. d3 Nf6 5. Nc3 Bc5 6. Nxe5 Nxe5 7. d4 Nxc4 8.
dxc5 d6 9. O-O O-O 10. Qd4 Ne5 11. cxd6 Qxd6 12. Qxd6 cxd6 13. Bf4 b6 14. Rad1
Ba6 15. Rfe1 Rad8 16. Rd2 g5 17. Bg3 Bb7 18. Red1 Nc4 19. Rd4 Nxb2 20. Rb1 Rfe8
21. Rxb2 Nxe4 22. Nxe4 Rxe4 23. Rxe4 Bxe4 24. f3 Bf5 25. h4 d5 26. c3 Rc8 27.
hxg5 hxg5 28. Be5 Bd3 29. Rd2 Re8 30. Bf6 Re1+ 31. Kh2 Bc4 32. Bxg5 Kf8 33. Bh4
Ra1 34. a3 Rxa3 35. Rc2 a5 36. Bf2 Ra2 37. Rxa2 Bxa2 38. Bxb6 a4 39. Bc5+ Ke8
40. Kg1 Kd7 41. Kf2 Kc6 42. Bb4 Kb5 43. Ke2 Kc4 44. Kd2 d4 45. g4 Bb1 46. f4
dxc3+ 47. Bxc3 a3 48. Ba1 Kb3 49. Kc1 1/2-1/2

[Event "Manitoba-ch reserves"]
[Site "Winnipeg CAN"]
[Date "1996.??.??"]
[Round "1"]
[White "Herkert, Dean"]
[Black "Ottosen, David"]
[Result "0-1"]
[WhiteElo "1605"]
[BlackElo "1980"]
[PlyCount "104"]
[EventDate "1996.??.??"]
[EventCountry "CAN"]
[SourceDate "2003.08.17"]

1. f4 b6 2. b3 Bb7 3. Nf3 f6 4. e3 Nh6 5. Bb2 Nf7 6. Nc3 g6 7. Bc4 d5 8. Bb5+
c6 9. Be2 Bg7 10. O-O O-O 11. Nh4 e5 12. f5 g5 13. Nf3 c5 14. d3 Nd6 15. g4 d4
16. exd4 exd4 17. Nb1 Qe7 18. Bc1 h5 19. h3 hxg4 20. hxg4 Re8 21. Rf2 Nd7 22.
Bd2 Ne5 23. Nxe5 Qxe5 24. Bf1 Qg3+ 25. Bg2 Kf7 26. Kf1 Rh8 27. Bf3 Qh3+ 28. Bg2
Qh1+ 29. Bxh1 Rxh1+ 30. Ke2 Re8+ 31. Be3 Rxe3+ 32. Kd2 Rxd1+ 33. Kxd1 Rg3 34.
Nd2 Rg1+ 35. Nf1 Rxg4 36. Ke2 Bc8 37. Nh2 Rg3 38. Raf1 Nxf5 39. Rxf5 Bxf5 40.
Rxf5 Rg2+ 41. Rf2 Rxf2+ 42. Kxf2 f5 43. Nf1 Be5 44. Nd2 Kg6 45. Kg2 g4 46. Nc4
Bc7 47. a4 Kg5 48. Nd2 Bf4 49. Nc4 Kh4 50. a5 b5 51. Nb6 axb6 52. a6 Bb8 0-1

[Event "Manitoba-ch reserves"]
[Site "Winnipeg CAN"]
[Date "1996.??.??"]
[Round "2"]
[White "Ottosen, David"]
[Black "Ott, Richard"]
[Result "1-0"]
[WhiteElo "1980"]
[BlackElo "1605"]
[PlyCount "36"]
[EventDate "1996.??.??"]
[EventCountry "CAN"]
[SourceDate "2003.08.17"]

1. e4 c5 2. Nf3 d6 3. d4 cxd4 4. Nxd4 Nf6 5. Nc3 g6 6. f4 Nc6 7. Nxc6 bxc6 8.
e5 Nd7 9. exd6 exd6 10. Bd3 Nf6 11. O-O Be7 12. Qf3 d5 13. f5 O-O 14. Bh6 Qb6+
15. Kh1 Qxb2 16. fxg6 hxg6 17. Rae1 Be6 18. Bxg6 Qxc3 1-0

[Event "Manitoba-ch reserves"]
[Site "Winnipeg CAN"]
[Date "1996.??.??"]
[Round "3"]
[White "Ottosen, David"]
[Black "Grant, Carl"]
[Result "1-0"]
[WhiteElo "1980"]
[BlackElo "2115"]
[PlyCount "97"]
[EventDate "1996.??.??"]
[EventCountry "CAN"]
[SourceDate "2003.08.17"]

1. e4 e5 2. d4 exd4 3. c3 d3 4. Bxd3 Bc5 5. Nf3 d6 6. b4 Bb6 7. a4 a5 8. O-O
Nf6 9. Bg5 Bg4 10. Nbd2 Nbd7 11. Qc2 h6 12. Bh4 O-O 13. Kh1 Re8 14. Nc4 Bxf3
15. gxf3 g5 16. Rg1 Kf8 17. Nxb6 Nxb6 18. Bg3 Nh5 19. Rad1 Qf6 20. b5 Qxf3+ 21.
Rg2 Nf4 22. Bxf4 Qxf4 23. c4 Nd7 24. Qe2 Ne5 25. Qh5 Re6 26. Rg3 Ke7 27. Bf1
Qxe4+ 28. Bg2 Qh4 29. Qxh4 gxh4 30. Rc3 Rb8 31. c5 Ng4 32. cxd6+ cxd6 33. Kg1
Rg8 34. h3 Ne5 35. Kh2 Nd7 36. Bxb7 Nc5 37. Bd5 Rf6 38. Re3+ Kd7 39. Bc6+ Kc7
40. Rf3 Rxf3 41. Bxf3 Nxa4 42. Ra1 Nc5 43. Rxa5 Kb6 44. Ra3 Kxb5 45. Bd5 Rf8
46. Rf3 f5 47. Rf4 Rf6 48. Kg2 Nd3 49. Bc4+ 1-0

[Event "Manitoba-ch reserves"]
[Site "Winnipeg CAN"]
[Date "1996.??.??"]
[Round "5"]
[White "Ottosen, David"]
[Black "Bollenbach, Brad"]
[Result "0-1"]
[WhiteElo "1980"]
[BlackElo "1880"]
[PlyCount "90"]
[EventDate "1996.??.??"]
[EventCountry "CAN"]
[SourceDate "2003.08.17"]

1. e4 c5 2. Nc3 Nc6 3. Nge2 Nf6 4. d4 cxd4 5. Nxd4 d6 6. Bg5 e6 7. Qd2 Be7 8.
O-O-O a6 9. Bc4 Qc7 10. f4 b5 11. Ndxb5 axb5 12. Nxb5 Qb8 13. Nxd6+ Bxd6 14.
Qxd6 Qxd6 15. Rxd6 Ne7 16. Bb5+ Bd7 17. Bxd7+ Nxd7 18. Rhd1 Nf6 19. Bxf6 gxf6
20. Rd7 Nd5 21. Rb7 Nxf4 22. Rdd7 O-O 23. g3 Ng6 24. a3 Ne5 25. Rdc7 Rfd8 26.
Rb4 Rac8 27. Rxc8 Rxc8 28. Kb1 Rc4 29. Rxc4 Nxc4 30. a4 Kf8 31. b3 Nd6 32. a5
Ke7 33. a6 Nc8 34. b4 Kd6 35. c4 Kc6 36. Kc2 Kb6 37. Kd3 Kxa6 38. Kd4 Kb6 39.
g4 Ne7 40. b5 Ng6 41. h3 Ne5 42. Ke3 Nxc4+ 43. Kf4 Kxb5 44. g5 fxg5+ 45. Kxg5
Nd6 0-1

[Event "Maritime op"]
[Site "Fredericton CAN"]
[Date "1996.08.03"]
[Round "1"]
[White "Guignard, Michael"]
[Black "Tufts, Kim"]
[Result "1-0"]
[WhiteElo "1907"]
[BlackElo "1686"]
[PlyCount "129"]
[EventDate "1996.08.03"]
[EventType "swiss"]
[EventRounds "5"]
[EventCountry "CAN"]

1. Nf3 Nf6 2. g3 g6 3. Bg2 Bg7 4. O-O O-O 5. d3 d6 6. Nbd2 Nbd7 7. c4 Rb8 8.
Rb1 a6 9. b4 c6 10. a4 Qc7 11. Qc2 Re8 12. Ba3 e5 13. b5 axb5 14. cxb5 c5 15.
Rfc1 b6 16. Ng5 Bb7 17. Qa2 Nf8 18. Nde4 Nxe4 19. Nxe4 Ne6 20. e3 f5 21. Ng5
Qe7 22. Nxe6 Qxe6 23. Qxe6+ Rxe6 24. Bc6 Bxc6 25. bxc6 Ree8 26. Rb5 Rec8 27.
Rcb1 Rxc6 28. a5 Bf8 29. Rxb6 Rcxb6 30. Rxb6 Ra8 31. a6 d5 32. Rc6 c4 33. Bxf8
Kxf8 34. dxc4 dxc4 35. Kf1 Ra7 36. Ke2 Ke7 37. Rxc4 Rxa6 38. Rc7+ Kf6 39. Rxh7
Ra2+ 40. Kf3 e4+ 41. Kg2 Kg5 42. h4+ Kf6 43. Rb7 Rc2 44. Rb6+ Kf7 45. Rb5 Kf6
46. g4 f4 47. g5+ Kg7 48. Rb7+ Kg8 49. Rb3 f3+ 50. Kg3 Rc1 51. Rb7 Rg1+ 52. Kf4
Rg2 53. Rb2 Kf7 54. Kxe4 Rg4+ 55. Kxf3 Rxh4 56. Rb7+ Ke6 57. Rb6+ Kf5 58. Rb5+
Ke6 59. Kg3 Re4 60. Kg2 Rg4+ 61. Kf1 Kf7 62. f3 Rh4 63. e4 Rh7 64. Rb6 Rh5 65.
Rf6+ 1-0

[Event "Maritime op"]
[Site "Fredericton CAN"]
[Date "1996.08.03"]
[Round "2"]
[White "Guignard, Michael"]
[Black "Charlton, Glenn"]
[Result "0-1"]
[WhiteElo "1907"]
[BlackElo "2075"]
[PlyCount "62"]
[EventDate "1996.08.03"]
[EventType "swiss"]
[EventRounds "5"]
[EventCountry "CAN"]

1. e4 d6 2. d4 g6 3. c4 e5 4. dxe5 dxe5 5. Qxd8+ Kxd8 6. Nc3 c6 7. Nf3 f6 8.
Be3 Kc7 9. a3 Bh6 10. Bxh6 Nxh6 11. b4 Be6 12. Rd1 a5 13. b5 Nd7 14. Na4 Rad8
15. Rb1 Nb6 16. Nc5 Bc8 17. Nb3 a4 18. Nc5 Kd6 19. Nd3 Nxc4 20. bxc6 bxc6 21.
Rb4 Be6 22. Nc1 Nxa3 23. Bd3 Ra8 24. Rb2 Rhb8 25. Rd2 Ke7 26. O-O Nf7 27. Na2
Nc4 28. Rc2 Nfd6 29. Nc1 a3 30. Nd2 a2 31. Ncb3 Nxd2 0-1